Eski Türk edebiyatı makaleleri / (Record no. 15870)
[ view plain ]
| 000 -BAŞLIK | |
|---|---|
| Sabit Uzunlukta Kontrol Alanı | 00654nam a22002057a 4500 |
| 999 ## - SİSTEM KONTROL NUMARALARI (KOHA) | |
| Koha Biblionumber | 15870 |
| Koha Biblioitemnumber | 15870 |
| 003 - KONTROL NUMARASI IDENTIFIER | |
| Denetim Alanı | MIRAKIL |
| 005 - SON İŞLEM TARİHİ VE ZAMANI | |
| Denetim Alanı | 20240403110105.0 |
| 008 - SABİT-BOY VERİ ELEMANLARI - GENEL BİLGİLER | |
| Sabit Uzunlukta Kontrol Alanı | 240403b tu ||||| |||| 00| 0 tur d |
| 020 ## - ULUSLARARASI STANDART KİTAP NUMARASI | |
| Uluslararası Standart Kitap Numarası | 9789751628473 |
| 040 ## - KATALOGLAMA KAYNAK | |
| Orijinal Kataloglama Ajansı | TR-AnCHP |
| Metne Dönüştürmek Ajansı | TR-AnCHP |
| 041 ## - DİL KODU | |
| Metin / Ses Parça Veya Ayrı Başlığın Dil Kodu | tur |
| 082 ## - DEWEY ONLU SINIFLANDIRMA NUMARASI | |
| Sınıflandırma Numarası | 819.8 |
| Ürün Numarası | M29e 2017 |
| 100 ## - ANA GİRİŞ - KİŞİSEL İSİM | |
| Kişisel Ad | Mazıoğlu, Hasibe |
| 245 10 - BAŞLIK TABLOSU | |
| Başlık | Eski Türk edebiyatı makaleleri / |
| Sorumluluk Tablosu, Vb | Hasibe Mazıoğlu. |
| 260 ## - YAYIN, DAĞITIM, VB | |
| Yayın, Dağıtım, Vb Yeri | Ankara : |
| Yayıncı, Dağıtıcı, Vs Adı | Türk Dil Kurumu Yayınları, |
| Yayın, Dağıtım, Vb Tarihi | 2017. |
| 300 ## - FİZİKSEL TANIM | |
| Kapsam | 668 s. ; |
| Boyutlar | 24 cm. |
| 490 0# - SERİSİ TABLOSU | |
| Seri Beyanı | Türk Dil Kurumu Yayınları ; |
| Hacim / Ardışık Tanımı | 947. |
| 856 ## - ELEKTRONİK YER VE ERİŞİM | |
| Kamu Notu | Dijital Nüshası için Partimizin Kütüphane Sorumlusu ile iletişime geçiniz. |
| 942 ## - EKLENDİ GİRİŞ ELEMANLARI (KOHA) | |
| Sınıflandırma Veya Raf Düzeni Kaynak | Dewey Decimal Classification |
| Koha Öğesi Türü | Books |
| Kalıcı Konum | Mevcut Konum | Edinme Tarihi | Toplam Check-Out'Lar | Tam Çağrı Numarası | Barkod | Tarih Son Görülme | İtibaren Geçerli Fiyatlar | Koha Öğesi Türü |
|---|---|---|---|---|---|---|---|---|
| CHP Kütüphanesi | CHP Kütüphanesi | 04/03/2024 | 819.8 M29e 2017 | 21821 | 04/03/2024 | 04/03/2024 | Books |
